| 000 | 00349nam a22001337a 4500 | ||
|---|---|---|---|
| 020 | _qHB. | ||
| 040 | _cFIZZA ISHAQ | ||
| 082 |
_a004.6782 _bPRA |
||
| 100 |
_aDESHPANDE,S.PRACHI. _991831 |
||
| 245 |
_aSECURITY & DATA STORAGE ASPECT IN CLOUD COMPUTING / _cPRACHI S.DESHPANDE. |
||
| 260 |
_aNEW YORK ; _c2019. |
||
| 300 | _a85 P. ; | ||
| 942 |
_2ddc _cBK |
||
| 999 |
_c589965 _d589965 |
||